000 00376nam a22001337a 4500
020 _a9789695571477
082 _a340 NYA
100 _aNyazee, Imran Ahsan Khan
245 _aJurisprudence /
_cImran Ahsan Khan Nyazee
260 _aLahore :
_bFederal Law House,
_c2017.
300 _a338 p. ;
_c24 cm.
942 _2ddc
_cBK
999 _c586024
_d586024